| 000 | 00835cam a22002291 4500 | ||
|---|---|---|---|
| 001 | gs 13000414 | ||
| 003 | DLC | ||
| 005 | 20260227111314.0 | ||
| 008 | 870304s1912 mx 000 0 spa c | ||
| 010 | _ags 13000414 | ||
| 035 | _a(OCoLC)15268421 | ||
| 040 |
_aU.S. Geol. survey. Library _cTxDaM _dDLC |
||
| 042 | _apremarc | ||
| 050 | 0 | 0 |
_aQE201 _b.A3 t. 4, núm. 1 |
| 100 | 1 |
_aWaitz, Paul, _d1876- |
|
| 245 | 1 | 0 |
_aNotas preliminares relativas a un reconocimiento geológico por el curso del Atoyac (río Verde) de Oaxaca, _cpor Paul Waitz. |
| 260 |
_aMéxico, _bImprenta y fototipia de la Secretaría de fomento, _c1912. |
||
| 300 |
_a32 p. _c23 cm. |
||
| 490 | 0 |
_aMexico. Instituto geológico. Parergones. _vt. IV, núm. 1 |
|
| 500 | _aAt head of title: Instituto geológico de México ... | ||
| 650 | 0 |
_aGeology _zMexico _zOaxaca. |
|
| 999 |
_c25258 _d25258 |
||